000 00699nam a2200157Ia 4500
008 231221s9999 xx 000 0 und d
020 _a978-3-642-16132-2
041 _aEnglish
100 _aAsit Dan, Frédéric Gittler, Farouk Toumani
245 0 _aService-Oriented Computing. ICSOC/ServiceWave 2009 Workshops
260 _c2010
_bSpringer US
_aNew York
440 _aLecture Notes in Computer Science
650 _aComputer Science
650 _aSoftware Engineering; Management of Computing and Information Systems; Computer Communication Networks; Information Systems Applications (incl.Internet); Information Storage and Retrieval; Algorithm Analysis and Problem Complexity
942 _cEB
999 _c223700
_d223700